Veřejná správa

Guardado en:
Detalles Bibliográficos
Autor principal: Louda, Tomáš
Formato: Libro
Lenguaje:checo
Publicado: Plzeň Vydavatelství a nakladatelství Aleš Čeněk 2025
Materias:
Etiquetas: Agregar Etiqueta
Sin Etiquetas, Sea el primero en etiquetar este registro!

MARC

LEADER 00000nam a2200000 4500
001 0310859
005 20250730080743.7
020 |a 978-80-7380-978-2 
041 0 |a cze 
044 |a CZ 
245 1 0 |a Veřejná správa  |c Tomáš Louda a kolektiv 
264 1 |a Plzeň  |b Vydavatelství a nakladatelství Aleš Čeněk  |c 2025 
300 |a 373 s. 
610 2 0 |a správa verejná 
610 2 0 |a správa verejná elektronická 
610 2 0 |a manažment verejnej správy 
610 2 0 |a financie verejné 
610 2 0 |a Česko 
100 1 |a Louda, Tomáš